000 00815nam a2200253 a 4500
001 000049077
005 20200120222625.0
008 030924s2005 sp a er0 f spa d
020 _a8437613932
090 _aAN
_bFUEmu Cátedra
100 0 _aFuentes, Carlos,
_d1928-2012
245 1 3 _aLa muerte de Artemio Cruz /
_cCarlos Fuentes; edición de José Carlos González Boixo.
250 _a6a. ed.
260 _aMadrid :
_bCátedra,
_c2005.
300 _a417 p.
490 _aLetras Hispánicas
_v406
500 _aIncluye índice
500 _aEj.1, 2 y 3 de Biblioteca de Mosquera 10a. ed. 2012, ISBN : 8437613932
650 1 4 _aLiteratura mexicana
650 2 4 _aNovela mexicana
650 2 4 _aLiteratura hispanoamericana
650 2 4 _aMuerte en la literatura
700 1 _aGonzález Boixo, José C.,
_eed.
999 _c3229
_d3229